000 01295nam a22002777a 4500
001 TZ 0006
003 gtcocun
005 20250924200110.0
006 a||||gr|||| 00| 0
007 ta
008 250924b1996 gt ||||| m||| 00| 0 eng d
040 _agtcocun
_bSPA
_cgtcocun
_eRDA
041 _aSPA TZ 0006
084 _0TZ 0006
100 _aEstrada Osorio, Julio Antonio
_eAutor
245 _aCARACTERIZACIÓN DE LOS SISTEMAS DE CONTROL DE MOSCA COMUN (Musca domestica L.) EN EXXPLOTACIÓNES ARTESANALES DE POLLO DE ENGORDE (Gallus, gallus L.) EN EL ÁREA URBANA DE COBÁN, ALTA VERAPAZ./
_cJulio Antonio Estrada Osorio.
_hImpreso
264 _aCobán, Alta Verapaz:
_bUniversidad de San Carlos de Guatemala, Centro Universitario del Norte, Zootecnia
_c1996
300 _a41 p.:
_bIlustraciones, gráficas.
_c28 cm;
502 _eTZ 0006
502 _aTesis de grado
_bZootecnia,
_cUniversidad de San Carlos de Guatemala, Centro Universitario del Norte, Zootecnia
_d1996
_oTZ 0006
650 1 4 _2LEMB
_aCobán, Alta Verapaz.
_xZootecnia
_xCorrelaciones
_xProducción
_xProductos químicos
_xFrecuencia de aplicación
700 _eAsesor
856 _uSin archivo en línea.
_zSin archivo en línea.
942 _2ddc
_cTES
_iTZ 0006
_kClasificación
_n0
_6TZ_0006_000000000000000
999 _c2139
_d2139